24時以降もダイヤがある駅だけを選ぶ -サドンデス- - Statistics

General Stats
  • This quiz has been taken 1,322 times
  • The average score is 7 of 18
Answers on the Grid
Answers color-coded by a green-red scale on the quiz's grid according to % correct below.
東京駅
横浜駅
浦和駅
千葉駅
水戸駅
高崎駅
宇都宮駅
大阪駅
京都駅
三ノ宮駅
大津駅
和歌山駅
津駅
岐阜駅
名古屋駅
静岡駅
札幌駅
青森駅
秋田駅
山形駅
仙台駅
新潟駅
富山駅
金沢駅
甲府駅
長野駅
岡山駅
松江駅
広島駅
下関駅
高松築港駅
徳島駅
松山市駅
博多駅
佐賀駅
大分駅
熊本駅
宮崎駅
鹿児島駅
那覇空港駅
 
Answer Stats
Answer % Correct
東京駅
96%
横浜駅
92%
大阪駅
69%
千葉駅
65%
浦和駅
60%
京都駅
55%
名古屋駅
50%
三ノ宮駅
48%
高崎駅
30%
博多駅
28%
水戸駅
20%
大津駅
17%
仙台駅
17%
静岡駅
14%
岐阜駅
13%
広島駅
13%
津駅
6%
佐賀駅
2%
No matching quizzes found
Score Distribution
Percent of People with Each Score
Percentile by Number Answered
Your Score History
You have not taken this quiz